[Event "EICC 2017"]
[Site "Minsk"]
[Date "2017.06.05"]
[Round "6"]
[White "Beliavsky, Alexander G"]
[Black "Pacher, Milan"]
[Result "0-1"]
[WhiteElo "2589"]
[BlackElo "2450"]
[Annotator "TA"]
[PlyCount "100"]
[EventDate "2017.??.??"]
[EventCountry "BLR"]
[SourceTitle "playchess.com"]
[Source "ChessBase"]
[SourceQuality "1"]

{[%evp 29,100,2,39,0,27,0,0,0,0,0,0,-6,0,0,0,0,0,0,0,0,0,0,0,0,0,0,7,0,0,6,0,0,6,7,7,7,14,0,0,0,0,0,0,0,0,0,0,0,0,0,45,0,0,0,0,0,0,-20,0,0,0,0,0,0,0,0,0,0,0,-12841,-12841,-12841,-12842]} 1. d4 d5 2. c4 c6 3. Nf3 Nf6 4. Nc3 dxc4 5. a4 Bf5 6. e3 e6 7. Bxc4 Bb4 8. O-O Nbd7 9. Qe2 O-O 10. e4 Bg6 11. Bd3 Bh5 12. e5 Nd5 13. Nxd5 cxd5 14. Qe3 Be7 15. Bd2 Bg6 {[#] LiveBook: 8 Games. D19: Slav Defence: 5 a4 Bf5 6 e3: Main line with 9 Qe2} 16. Be2 $146 ({Predecessor:} 16. Ne1 Nb8 17. f4 Nc6 18. g4 f5 19. exf6 Bxf6 20. Bc3 Qd7 21. Bxg6 hxg6 22. h3 Rae8 23. Nd3 {1-0 (51) Korobov,A (2678)-Miton,K (2622) Lublin 2012}) 16... Qb6 17. Rfc1 (17. a5 $5 {[%cal Ra5b6]} Qxb2 18. Bd3 $11) 17... Rfc8 {The position is equal.} ({But not} 17... Qxb2 $2 18. Bb5 $18) 18. Bc3 Qd8 19. g3 h6 20. h4 {[%cal Bh2h4,Bh4h5][%mdl 32]} Qf8 21. a5 Nb8 22. Ne1 a6 23. h5 Be4 24. f3 Bh7 25. Bd3 Nc6 26. Bxh7+ Kxh7 27. Nd3 Nb4 28. Kg2 Nxd3 29. Qxd3+ Kg8 30. f4 Rc6 31. f5 exf5 32. Qxf5 Qc8 33. g4 (33. Rf1 {is interesting.} Qe6 34. Rf3 Rc4 35. g4 Rac8 36. Raf1) 33... Bb4 34. Qf3 Bxc3 35. Rxc3 Rxc3 36. bxc3 $11 {[%mdl 4096] Endgame KQR-KQR} Qd7 37. Qf5 Qe7 38. Rf1 Rd8 39. Rf3 Qe6 40. Kg3 b6 41. axb6 Rb8 $1 42. Qf4 (42. Rf2 $5 {[%cal Rf5e6]}) 42... Rxb6 43. g5 hxg5 44. Qxg5 Rb1 {[#] ...Rg1+ is the strong threat.} 45. Kf4 {Threatens to win with Rg3.} f6 46. Qf5 fxe5+ 47. dxe5 Qh6+ 48. Qg5 Qc6 49. Qf5 $2 {[%mdl 8192] [#]} (49. h6 $11 Qc4+ 50. Kf5 Qe4+ 51. Ke6 Rb6+ 52. Kd7 Qa4+ 53. Kd8 Rxh6 54. Qe7) 49... Rg1 $19 50. e6 Qc7+ {Precision: White = 50%, Black = 68%.} 0-1

[Event "EICC 2017"]
[Site "Minsk"]
[Date "2017.06.05"]
[Round "6"]
[White "Postny, Evgeny"]
[Black "Hakobyan, Aram"]
[Result "1/2-1/2"]
[WhiteElo "2588"]
[BlackElo "2449"]
[Annotator "TA"]
[PlyCount "72"]
[EventDate "2017.??.??"]
[EventCountry "BLR"]
[SourceTitle "playchess.com"]
[Source "ChessBase"]
[SourceQuality "1"]

{[%evp 9,72,0,0,-20,-13,-5,-7,-71,4,16,0,-8,-3,-32,-31,-33,-24,-78,0,0,0,0,0,0,0,0,11,11,11,-16,1,0,4,8,18,2,0,0,4,-22,8,-27,-10,-18,0,0,0,0,0,0,0,0,0,0,0,0,0,0,0,0,0,0,0,0,0]} 1. d4 Nf6 2. c4 e6 3. g3 Bb4+ 4. Bd2 Be7 5. Bg2 O-O {LiveBook: 25 Games} (5... d5 6. Nf3 O-O 7. O-O Nbd7 8. a4 a5 9. Qc2 c6 10. Na3 Bd6 11. Ne1 Qe7 12. Nd3 e5 13. cxd5 Nxd5 14. Bxd5 cxd5 15. Nb5 e4 {½-½ (36) Gelfand,B (2724)-Tomashevsky,E (2696) Moscow 2017}) 6. e4 {[%cal Be2e4,Be4e5][%mdl 32] E00: Catalan Bogo-Indian (3 g3 Bb4+)} d5 $1 7. e5 Ne4 8. Nc3 $146 (8. cxd5 $11 {keeps the balance.} exd5 9. Nc3) ({Predecessor:} 8. Ne2 Nxd2 9. Nxd2 dxc4 10. Nxc4 Bb4+ 11. Kf1 Nd7 12. Qc2 {1-0 (33) Petkov,V (2501)-Gokerkan,C (2275) Izmir 2017}) 8... c5 (8... Nxd2 $17 9. Qxd2 dxc4) 9. Nxe4 $11 dxe4 10. Qc2 Qxd4 11. Bxe4 (11. Bf4 $5 {[%cal Ra1d1]} Qd3 12. Qe2 $11) 11... Qxe5 {Threatens to win with ...f5.} 12. Bf4 Qh5 13. h3 {[#]} (13. Bf3 $11 {remains equal.} Qg6 14. Be4) 13... Nc6 (13... f5 $1 $17 {[%cal Rf5e4]} 14. Bf3 Qe8) 14. g4 Qh4 15. Nf3 Nd4 16. Nxd4 cxd4 17. O-O-O Bg5 18. Bxg5 Qxg5+ 19. Kb1 e5 20. Bxh7+ Kh8 {[#] White must now prevent ...g6.} 21. Be4 Rb8 22. Qd2 Qxd2 23. Rxd2 Be6 24. c5 f5 25. gxf5 Bxf5 26. Re1 $1 {The position is equal.} Rbc8 27. b4 a5 28. a3 axb4 29. axb4 b6 30. cxb6 Rb8 31. Bxf5 Rxf5 {KRR-KRR} 32. Kb2 Rf6 33. Rxe5 {And now Rb5 would win.} Rfxb6 34. Rxd4 {Strongly threatening Kc3.} Rxb4+ 35. Rxb4 Rxb4+ 36. Kc3 Rf4 {Precision: White = 53%, Black = 56%.} 1/2-1/2

[Event "EICC 2017"]
[Site "Minsk"]
[Date "2017.06.05"]
[Round "6"]
[White "Indjic, Aleksandar"]
[Black "Zawadzka, Jolanta"]
[Result "1-0"]
[WhiteElo "2587"]
[BlackElo "2419"]
[Annotator "TA"]
[PlyCount "117"]
[EventDate "2017.??.??"]
[EventCountry "BLR"]
[SourceTitle "playchess.com"]
[Source "ChessBase"]
[SourceQuality "1"]

{[%evp 22,117,0,14,14,1,26,0,0,0,7,0,20,14,25,26,31,30,33,32,34,34,87,87,79,75,73,73,94,94,94,94,83,82,174,186,160,160,194,137,120,116,116,109,102,91,214,212,226,219,220,179,182,188,202,202,198,113,113,120,164,150,150,150,212,190,247,247,273,240,241,231,281,281,335,335,458,458,457,455,431,440,732,718,29987,29988,29989,29990,29990,29991,29991,29992,29992,29993,29994,29993,29996,29997]} 1. d4 d5 2. c4 e6 3. Nf3 Nf6 4. e3 b6 5. Bd3 Bb7 6. O-O Bd6 7. Nbd2 O-O 8. b3 Nbd7 9. Bb2 Ne4 10. Qc2 f5 11. cxd5 {E14: Queen's Indian: Classical Variation (4 e3)} (11. Rad1 Nxd2 12. Nxd2 dxc4 13. Bxc4 Bxh2+ 14. Kxh2 Qh4+ 15. Kg1 Bxg2 16. Bxe6+ Kh8 17. f3 Bh3 18. Qxc7 Rf6 {0-1 (18) Eliet,N (2385)-Rozentalis,E (2567) Belgium 2016}) 11... exd5 12. Ne5 {LiveBook: 7 Games} Qe7 13. f4 {The position is equal.} Rac8 14. Ndf3 c5 15. Qe2 Rc7 $146 (15... Ndf6 {keeps more tension.} 16. a4 a5 17. Rac1 g6 18. Bb5 Rc7) ({Predecessor:} 15... Rfd8 16. Nxd7 Rxd7 17. Ne5 Rdc7 18. g4 Bxe5 19. fxe5 {0-1 (43) Kurilov,V (2190)-Golovchenko,G (2308) St Petersburg 2002}) 16. Rfd1 cxd4 {[%cal Rd6e5]} 17. Nxd7 Qxd7 18. Bxe4 fxe4 19. Nxd4 Rfc8 20. h3 Bc5 21. Kh2 Bxd4 (21... Bf8 $14) 22. Bxd4 $16 Rc2 23. Rd2 {[#]} Ba6 $1 {[%mdl 512]} 24. Qe1 (24. Qxa6 Rxd2) 24... h6 25. Rxc2 Rxc2 26. Rc1 Rxc1 ({Avoid the trap} 26... Rxa2 $2 27. Be5 $18) 27. Qxc1 Kh7 (27... Be2 $16 {might work better.}) 28. Qa3 $1 $18 {[%cal Ra3a6]} Be2 29. Qf8 Bh5 30. Qb8 (30. g4 $18 Be8 31. a4) 30... Qe7 $16 31. b4 Be8 32. a3 Bc6 33. Be5 Qb7 {[#]} (33... Bb5 $16 {keeps fighting.}) 34. Qf8 $1 $18 {And now f5 would win.} Qd7 35. f5 d4 36. Bxd4 Qc7+ 37. Kg1 {Black must now prevent f6.} Bd5 38. Qe8 Qc1+ 39. Kh2 ({Better is} 39. Kf2 $18 {White threatens Qg6+ and mate.} Qc2+ 40. Kg3 Qc7+ 41. Kh4) 39... Qc7+ $16 40. Be5 Qf7 41. Qd8 $36 {[%mdl 2048] White is on the roll.} Bc6 {[#]} 42. f6 $1 {[%cal Rf6g7]} gxf6 (42... g5 $16 43. Qd6 Ba4) 43. Bxf6 $18 h5 (43... b5 $142 44. Bb2 a6 45. Qh8+ Kg6) 44. Bd4 Bd7 45. Qc7 Be6 46. Qe5 Bf5 47. b5 Kh6 48. a4 Bg6 49. Qb8 Qe7 50. a5 bxa5 51. Bxa7 {Hoping for b6.} Be8 (51... Bf7 $142 52. Bd4 Kg5) 52. Bd4 {b6 is the strong threat.} a4 53. b6 {White mates.} Bc6 54. Qh8+ Kg6 55. Qg8+ Kh6 56. g4 hxg4 57. hxg4 Qd6+ 58. Kg2 {[%csl Gd4][%cal Rg8g7]} Qg6 59. Qf8+ {Precision: White = 79%, Black = 37%.} 1-0

[Event "EICC 2017"]
[Site "Minsk"]
[Date "2017.06.05"]
[Round "6"]
[White "Azarov, Sergei"]
[Black "Areshchenko, Alexander"]
[Result "1/2-1/2"]
[WhiteElo "2582"]
[BlackElo "2677"]
[Annotator "TA"]
[PlyCount "120"]
[EventDate "2017.??.??"]
[EventCountry "BLR"]
[SourceTitle "playchess.com"]
[Source "ChessBase"]
[SourceQuality "1"]

{[%evp 30,120,-22,0,-18,-58,-25,-28,-15,0,0,0,0,0,0,0,0,0,0,0,0,-29,0,0,7,8,0,-72,-54,-75,-65,-50,-38,-47,-43,-82,-82,-127,-133,-272,-115,-261,-267,-264,-265,-255,-257,-249,-265,-256,-258,-245,-237,-235,-185,-204,-199,-231,-76,-87,0,0,0,0,0,0,0,0,0,0,0,0,0,0,0,0,0,0,0,0,0,0,0,0,0,0,0,0,0,0,0,0,0]} 1. e4 c5 2. Nf3 d6 3. d4 cxd4 4. Nxd4 Nf6 5. Nc3 a6 6. Bg5 e6 7. f4 Qb6 8. Qd2 Qxb2 9. Rb1 Qa3 10. e5 h6 11. Bh4 dxe5 {B97: Sicilian Najdorf: Poisoned Pawn} 12. fxe5 Nfd7 13. Ne4 Qxa2 14. Rd1 Qd5 15. Qe3 Qxe5 16. Be2 $1 {LiveBook: 258 Games. Strongly threatening 0-0.} Bc5 $1 17. Bg3 $1 {[%cal Rg3e5]} Qd5 (17... Bxd4 $5 18. Rxd4 Qa5+ 19. Rd2 O-O $17) 18. c4 Bxd4 19. Rxd4 {[#]} Qa5+ $146 20. Rd2 $1 O-O $1 21. Bd6 $1 f5 22. Bxf8 Nxf8 (22... Kxf8 $2 23. Nd6 $18) 23. Nd6 Nbd7 24. Bf3 Rb8 25. Kf2 Nc5 26. g4 f4 27. Qxf4 Ng6 28. Qf7+ (28. Qe3 $1 $11) 28... Kh7 $17 29. Rhd1 {[#]} Bd7 $1 30. Be4 $1 ({Not} 30. Nxb7 $2 Qb6 $19) 30... Nxe4+ 31. Nxe4 {Intending Nf6+ and mate.} Rf8 $36 {[%mdl 2048] Black is pushing.} 32. Nf6+ $1 Kh8 33. Qxg6 {[%csl Gf6][%cal Rg6h7] [#]} Qc5+ $1 34. Kf1 ({Don't blunder} 34. Kg2 $2 Rxf6 35. Qxf6 Bc6+ 36. Qf3 Qxc4 $19) (34. Ke2 $17 Qe5+ 35. Kd3 (35. Ne4 $2 Be8 $19) 35... Rxf6 36. Qe4) 34... Qxc4+ (34... Rxf6+ $19 {is more deadly.} 35. Qxf6 Qxc4+ 36. Re2 gxf6 37. Rxd7 b5) 35. Ke1 (35. Kg1 $17 Rxf6 36. Qd3 Qc5+ 37. Qd4 Qxd4+ 38. Rxd4) 35... Rxf6 $19 36. Qxf6 gxf6 37. Rxd7 {[%mdl 4096] Endgame White threatens Rd8+ and mate. KQ-KRR} Qe4+ 38. Kf2 {Threatening mate with Rd8+.} Qf4+ 39. Ke1 Qe3+ 40. Kf1 Qf3+ 41. Ke1 h5 42. gxh5 Qh1+ 43. Kd2 Qxh2+ $2 (43... Qg2+ $19 44. Kc1 Qc6+ 45. Kb1 Qb6+ 46. Kc2 Qc5+ 47. Kb3 Qxh5) 44. Kc1 $17 Qxh5 (44... Qf4+ $17 45. R1d2 Qf1+ 46. Kb2 Qb5+ 47. Kc1 Qf1+ 48. Kb2 Qb5+ 49. Kc1 Qc6+ 50. Kb1 Qb5+ 51. Kc1) 45. Rxb7 $11 {White wants to mate with Rd8+.The position is equal.} Qc5+ 46. Kb1 Qf5+ 47. Kc1 $1 {[%cal Rd1d8]} Qf4+ 48. Kb2 {[%cal Rd1d8]} Qe5+ 49. Kc1 {[%cal Rd1d8]} Qa1+ 50. Kd2 Qa5+ (50... Qd4+ $2 51. Kc1 $19) 51. Kc1 Qg5+ 52. Kb1 f5 {And now ...f4 would win.} 53. Rdd7 {Threatens to win with Rb8+.} Qg8 {With the idea ...f4.} 54. Rd1 {Rh1+ would kill now.} Qc8 55. Rh1+ Kg8 56. Rg1+ Kf8 57. Rgg7 {aiming for Rbf7+.} Qc3 58. Rbf7+ Ke8 59. Rb7 {[%cal Rg7g8]} Qd3+ 60. Kb2 {[%cal Rg7g8]} Qd4+ {Precision: White = 74%, Black = 61%.} 1/2-1/2

[Event "EICC 2017"]
[Site "Minsk"]
[Date "2017.06.05"]
[Round "6"]
[White "Jojua, Davit"]
[Black "Riazantsev, Alexander"]
[Result "1/2-1/2"]
[WhiteElo "2581"]
[BlackElo "2659"]
[Annotator "TA"]
[PlyCount "48"]
[EventDate "2017.??.??"]
[EventCountry "BLR"]
[SourceTitle "playchess.com"]
[Source "ChessBase"]
[SourceQuality "1"]

{[%evp 18,48,22,12,16,0,9,0,0,-1,0,-8,10,0,25,0,27,20,46,39,54,56,14,26,27,6,8,11,8,9,14,0,12]} 1. d4 d5 2. c4 e6 3. Nf3 Nf6 4. g3 Be7 5. Bg2 O-O 6. O-O Nbd7 7. Qc2 c6 8. Nbd2 {[%cal Bb1d2,Bd2c4,Bc4e3][%mdl 32]} b6 {[%cal Bb7b6,Bb6b5][%mdl 32]} 9. e4 dxc4 10. Nxc4 Bb7 {E09: Closed Catalan: Main Line: 7 Qc2 c6 8 Nbd2} 11. e5 Nd5 12. Qe4 b5 13. Ne3 $146 ({Predecessor:} 13. Ncd2 c5 14. Qg4 Qb6 15. Ne4 f5 16. exf6 N5xf6 17. Nxf6+ Nxf6 18. Qh4 {½-½ (18) Dziuba,M (2602)-Simacek,P (2486) Czechia 2012}) 13... c5 14. Qg4 {next Nxd5 is good for White.} Kh8 15. dxc5 Nxc5 16. Rd1 Qb6 (16... Qc7 {seems wilder.} 17. Nxd5 Bxd5 18. Qh5 Na4 19. Ng5 Bxg5 20. Bxd5 exd5 21. Qxg5 Rad8) 17. Ng5 Nxe3 18. Bxe3 {[#] Strongly threatening Ne4.} Bxg2 19. Kxg2 Bxg5 20. Bxg5 Na4 21. Rd2 Qb7+ {The position is equal.} 22. Qf3 Qxf3+ 23. Kxf3 Nb6 24. Rc1 Nc4 {Precision: White = 24%, Black = 58%.} 1/2-1/2

[Event "EICC 2017"]
[Site "Minsk"]
[Date "2017.06.05"]
[Round "6"]
[White "Mastrovasilis, Dimitrios"]
[Black "Sargissian, Gabriel"]
[Result "1-0"]
[WhiteElo "2580"]
[BlackElo "2650"]
[Annotator "TA"]
[PlyCount "59"]
[EventDate "2017.??.??"]
[EventCountry "BLR"]
[SourceTitle "playchess.com"]
[Source "ChessBase"]
[SourceQuality "1"]

{[%evp 27,59,24,97,84,164,175,213,118,253,228,211,161,360,333,789,770,939,932,931,874,1056,1060,1016,1008,876,717,717,700,685,685,664,666,637,636]} 1. e4 e5 2. Nf3 Nc6 3. Bb5 a6 4. Ba4 Nf6 5. O-O Be7 6. Re1 b5 7. Bb3 O-O 8. c3 d5 9. d4 exd4 10. e5 {C89: Closed Ruy Lopez: Marshall Attack} Ne4 11. cxd4 Bf5 12. Nc3 Nxc3 13. bxc3 Qd7 (13... Na5 14. Bc2 Qd7 15. Bg5 Ba3 16. Nh4 Bxc2 17. Qxc2 Nc4 {0-1 (40) David,A (2580)-Brunello,S (2562) Milan 2015}) 14. Bg5 Ba3 {LiveBook: 7 Games} (14... Bxg5 $11 15. Nxg5 h6) 15. Nh4 $16 Be6 {[#]} (15... Be4 $16) 16. Bc2 $1 $18 g6 $146 ({Predecessor:} 16... Ne7 17. f4 h6 {1-0 (60) Mammadzada,G (2336)-Tereladze,S (2128) Kutansi 2015}) 17. Bf6 (17. Qd2 $18) 17... Rfe8 (17... Be7 $16) 18. f4 {Threatens to win with f5!} Ne7 19. Rf1 Bg4 $2 (19... Nf5 {was called for.}) 20. Qe1 Kf8 $2 {[#]} (20... Bf5) 21. f5 $1 {[%mdl 512] White is clearly winning.} Nxf5 22. Nxf5 Bxf5 23. Bxf5 gxf5 24. Qh4 {Qh6+ would kill now.} Re6 25. Qxh7 {[%cal Rh7h8]} Ke8 26. Rxf5 Qc6 27. Bg5 {[%csl Gf5][%cal Rh7f7]} Kd7 28. Rxf7+ Kc8 29. Rxc7+ Qxc7 30. Qg8+ {Precision: White = 100%, Black = 23%.} 1-0

[Event "EICC 2017"]
[Site "Minsk"]
[Date "2017.06.05"]
[Round "6"]
[White "Antipov, Mikhail Al"]
[Black "Kovalenko, Igor"]
[Result "0-1"]
[WhiteElo "2576"]
[BlackElo "2657"]
[Annotator "TA"]
[PlyCount "113"]
[EventDate "2017.??.??"]
[EventCountry "BLR"]
[SourceTitle "playchess.com"]
[Source "ChessBase"]
[SourceQuality "1"]

{[%evp 19,113,0,14,5,16,10,30,37,40,40,40,36,64,58,101,45,59,43,58,0,0,0,19,30,31,0,5,0,0,-35,-21,-37,-31,-62,-22,-56,-66,-64,-32,-75,-85,-87,-75,-118,-118,-155,-154,-177,-172,-180,-176,-173,-147,-233,-234,-295,-276,-298,-284,-285,-274,-264,-178,-243,-262,-223,-167,-342,-281,-351,-211,-208,-208,-208,-179,-427,-421,-399,-402,-343,-315,-316,-297,-285,-311,-312,-287,-283,-172,-303,-284,-564,-532,-532,-580,-29996]} 1. d4 d5 2. c4 e6 3. Nf3 Nf6 4. g3 Bb4+ 5. Bd2 Be7 6. Bg2 O-O 7. Qc2 Nbd7 8. O-O c6 9. a4 {E11: Bogo-Indian} a5 10. Rc1 Ne4 {LiveBook: 4 Games} 11. Ne1 $146 {The position is equal.} ({Predecessor:} 11. Be3 f5 12. Nc3 Bd6 13. Rd1 Qe7 14. Rac1 Ndf6 15. Ne5 Bxe5 16. dxe5 {½-½ (35) Aronian,L (2780)-Wei,Y (2706) Wijk aan Zee 2017}) 11... f5 12. Nd3 Nb6 13. c5 Nd7 14. Be3 Qe8 15. f3 Nef6 16. Nd2 Qh5 17. Rf1 ({Better is} 17. Nb3 $1 $16) 17... g5 $14 18. Rae1 Bd8 19. h3 ({White should play} 19. Bf2 $14) 19... Bc7 $11 20. Bf2 f4 21. g4 $1 {[%cal Rg4h5]} Qg6 22. Qc3 h5 23. e4 hxg4 24. hxg4 Qh6 25. e5 Kf7 26. Rc1 (26. exf6 Rh8 $17) 26... Rh8 {[%csl Gh8][%cal Rh6h2]} 27. Rfd1 Ng8 ({Not} 27... Nxg4 $2 28. fxg4 Qg6 29. Nf3 $18) 28. Kf1 Qg6 29. Ke1 Rh2 $36 {[%mdl 2048] Black is really pushing.} 30. Bf1 {[#]} Ne7 $1 31. Be2 Qh7 32. Nb3 b6 33. cxb6 Bxb6 34. Kd2 Ba6 35. Rf1 Bc4 36. Ke1 (36. Bg1 $17 Rg2 37. Rce1) 36... Qh3 $19 37. Nd2 Bxd3 38. Bxd3 {[#]} Nxe5 $1 {[%mdl 512]} 39. Be2 (39. dxe5 Rxf2) 39... Nd7 40. Nb3 Qh8 41. Rc2 (41. Bg1 {was worth a try.} Rg2 42. Kd2) 41... Rb8 {[%cal Ba8b8,Bb8b4,Bb4d4][%mdl 32]} 42. Bd3 Bc7 {White must now prevent ...Bd6.} 43. Re2 $2 (43. Kd1) 43... Bd6 {Threatens to win with ...Bb4.} 44. Nc5 Nxc5 45. dxc5 {Qxh8 is the strong threat.} Bc7 46. Kd1 Rb4 ({But not} 46... Qh3 47. Rxe6 Qxf1+ 48. Bxf1 $17) 47. Qc2 $2 (47. Qxh8 Rxh8 48. Bc2) 47... Qh3 48. Be1 Qxf1 49. Rxh2 Rd4 50. Kd2 {White wants to play Bf2.} Qg1 ({Less strong is} 50... Qxf3 51. Bf2 $19) 51. Re2 {[#] Hoping for Bf2.} Qh1 $1 52. Qc3 e5 53. Kc2 Kf6 54. Ba6 (54. Rf2 $142) 54... Rxa4 55. Qb3 $2 (55. Kb1) 55... Ra1 56. Qb7 Rxe1 57. Qxc7 {Precision: White = 27%, Black = 71%.} 0-1

[Event "EICC 2017"]
[Site "Minsk"]
[Date "2017.06.05"]
[Round "6"]
[White "Grigoriants, Sergey"]
[Black "Moroni, Luca Jr"]
[Result "1/2-1/2"]
[WhiteElo "2576"]
[BlackElo "2448"]
[Annotator "TA"]
[PlyCount "47"]
[EventDate "2017.??.??"]
[EventCountry "BLR"]
[SourceTitle "playchess.com"]
[Source "ChessBase"]
[SourceQuality "1"]

{[%evp 22,47,18,22,22,20,24,0,36,5,20,18,10,-14,3,0,15,8,7,0,0,0,0,0,0,0,43,45]} 1. Nf3 d5 2. d4 Nf6 3. c4 e6 4. Nc3 c6 5. e3 Nbd7 6. Qc2 Bd6 7. Be2 O-O 8. O-O dxc4 9. Bxc4 a6 10. Rd1 b5 11. Bf1 {D46: Semi-Slav: 5 e3 Nbd7 6 Bd3, Black avoids the Meran} (11. Bd3 Qc7 12. Bd2 c5 13. Ne4 c4 14. Nxd6 Qxd6 15. Be2 Bb7 16. b3 Rfc8 17. Qb2 Rab8 18. Rac1 h6 {1-0 (65) Jakovenko,D (2738)-Karjakin,S (2753) Khanty-Mansiysk 2015}) 11... Qc7 12. e4 {[#] LiveBook: 26 Games. Hoping for e5.} e5 $1 {[%cal Re5d4]} 13. g3 {The position is equal.} Re8 14. Bg2 h6 {[#]} 15. a4 $146 ({Predecessor:} 15. a3 c5 16. d5 c4 17. b4 cxb3 18. Qxb3 Nb6 {0-1 (44) Dlugy,M (2531)-Doettling,F (2542) ICC INT 2006}) 15... Bb7 (15... b4 $5 {[%cal Rb4c3]} 16. Ne2 a5 $11) 16. dxe5 Nxe5 17. Nd4 Bc5 18. Nce2 Bb6 19. axb5 axb5 20. Rxa8 Bxa8 21. b3 Rd8 22. Bb2 Qd7 {[#] Threatens to win with ...c5.} 23. Ra1 Qe8 24. Ra6 {Precision: White = 68%, Black = 48%.} 1/2-1/2

[Event "EICC 2017"]
[Site "Minsk"]
[Date "2017.06.05"]
[Round "6"]
[White "Bocharov, Dmitry"]
[Black "Yilmaz, Mustafa"]
[Result "1/2-1/2"]
[WhiteElo "2574"]
[BlackElo "2630"]
[Annotator "TA"]
[PlyCount "181"]
[EventDate "2017.??.??"]
[EventCountry "BLR"]
[SourceTitle "playchess.com"]
[Source "ChessBase"]
[SourceQuality "1"]

{[%evp 19,181,22,35,26,59,61,58,53,63,72,77,72,84,64,58,39,76,70,58,22,45,27,58,50,85,80,111,94,94,60,36,5,91,51,69,53,79,30,24,8,17,-3,0,0,0,0,0,0,0,0,0,0,0,0,14,14,14,14,14,14,14,14,93,93,93,93,93,93,93,14,14,14,14,14,14,14,93,93,93,93,93,93,93,93,93,93,93,93,93,93,93,93,93,93,93,70,93,0,0,0,0,0,0,0,0,0,0,0,63,63,63,63,63,0,63,63,63,0,0,0,0,0,0,0,0,0,0,0,0,0,0,0,0,0,63,0,63,63,63,63,63,0,63,63,63,0,0,0,0,0,0,0,0,0,0,0,0,0,0,0,0,0,0,0]} 1. c4 e6 2. Nf3 Nf6 3. d4 c5 4. d5 d6 5. Nc3 exd5 6. cxd5 g6 7. h3 Bg7 8. Bf4 {A61: Modern Benoni: Nf3 without early e4} (8. e4 O-O 9. Bd3 b5 10. Bxb5 Nxe4 11. Nxe4 Qa5+ 12. Nfd2 Qxb5 13. Nxd6 Qa6 14. N2c4 Nd7 15. O-O Nb6 16. Nxb6 Qxb6 17. Nxc8 Raxc8 18. Rb1 Rfd8 19. Bf4 Qb7 20. d6 Bf8 21. Qd3 Bxd6 22. Bxd6 Rc6 23. Rfd1 Qd7 24. Qa3 Rxd6 25. Rxd6 Qxd6 26. Qxa7 {½-½ (40) Ponomariov,R (2709)-Nakamura,H (2789) Baku 2016}) 8... O-O 9. e3 Na6 10. Bxa6 bxa6 {LiveBook: 5 Games} 11. Rc1 $146 ({Predecessor:} 11. O-O Rb8 12. Qe2 Re8 13. Rac1 Rb4 14. Bh2 Qb6 15. b3 a5 {½-½ (28) Bluebaum,M (2633)-Chabanon,J (2452) Drancy 2016}) 11... Bb7 12. O-O Qe7 13. Re1 Nd7 14. e4 Rac8 15. Qd2 Rfe8 16. Rc2 Qf8 17. Re3 h6 18. Bg3 Nb6 19. Re2 Rcd8 20. Qe1 Bc8 21. e5 Bf5 22. Rcd2 c4 23. exd6 Bd3 24. Rxe8 Rxe8 25. Qd1 g5 (25... f5 $1 $11) 26. Ne1 Bg6 27. Nc2 f5 $1 {[%cal Rf5f4]} 28. f3 f4 29. Bf2 (29. d7 $5 Nxd7 30. Bf2 $11) 29... Qxd6 30. Kh2 Bd3 31. Ne1 Bf5 32. Nc2 Bd3 33. Ne1 Bxc3 34. bxc3 Nxd5 {[#] aiming for ...Ne3.} 35. Nxd3 Ne3 $1 {[%cal Re3d1]} 36. Qb1 {Hoping for Ne5.} cxd3 ({Don't blunder} 36... Rd8 $2 {[#]} 37. Nc5 $1 $18 {[%mdl 512]} (37. Ne5 Rb8 $18)) 37. Rxd3 Rb8 38. Rxd6 Rxb1 39. Bxe3 fxe3 $11 {[%mdl 4096] Endgame KR-KR} 40. Re6 Ra1 (40... Re1 $1 $11 {remains equal.}) 41. Rxe3 $16 Rxa2 42. Re7 Rc2 43. Rc7 a5 44. h4 (44. Rxa7 $16 Rxc3 45. Rxa5) 44... gxh4 $11 45. Kh3 a6 46. Rc6 Kg7 $1 47. Rxa6 Rxc3 (47... Ra2 $1 $11) 48. Rxa5 $16 Rc2 49. Ra4 ({Reject} 49. Kxh4 $6 Rxg2 50. Ra6 Rg6 $11) 49... h5 50. Rxh4 Kg6 51. Rd4 Rf2 52. Rd6+ Kg5 53. Rd5+ Kg6 54. Rd1 Kf5 55. Kg3 Ra2 56. Rd5+ Kg6 57. Rb5 Rc2 58. f4 (58. Rb1 $16) 58... Rc4 $11 59. Rg5+ Kh6 60. Re5 (60. Rf5 $5 {[%cal Rg3h4]} Rc1 61. Kh2 $16) 60... Kg6 61. Kf3 Ra4 62. g3 Ra3+ 63. Re3 Ra6 (63... Ra2 $11) 64. Kg2 $1 $14 Ra1 65. Re6+ Kg7 66. Rb6 (66. Re7+ $1 $14 Kf6 67. Rh7) 66... Rc1 (66... h4 $1 $11) 67. Rb3 Ra1 68. Kf3 (68. Rb5 $14 Kg6 69. Rg5+ Kh6 70. Re5) 68... Ra4 69. Rb7+ Kg6 70. Rb6+ (70. g4 {is interesting.} hxg4+) 70... Kg7 71. Re6 Ra3+ 72. Re3 Ra4 73. Rd3 Kg6 74. Rd6+ Kg7 75. Re6 (75. f5 $5 {[%cal Rd6g6]}) 75... Ra3+ 76. Kg2 (76. Ke2 $11) 76... Ra1 77. Re2 (77. Re7+ $1 $14 Kf6 78. Re5) 77... Kg6 (77... h4 $1 $11) 78. Rc2 Rb1 79. Rc6+ Kg7 80. Ra6 ({Better is} 80. Rc5 $14 Kh6 81. Rc6+ Kg7 82. Rc5) 80... Rc1 (80... h4 $1 $11) 81. Ra3 Kg6 82. Kf3 (82. Rb3 $14) 82... Rc6 {The position is equal.} 83. Ke4 Re6+ 84. Kd4 (84. Kf3 {looks sharper.} Rc6) 84... Re1 85. Ra6+ (85. g4 $5 hxg4 86. Ra5 $11) 85... Kg7 86. f5 (86. Ra5 $5 {[%cal Ra5h5]} Rg1 87. Rg5+ (87. Rxh5 Rxg3 88. Rd5 Rg2 $11) 87... Kh6 88. Ke3 $16) 86... Kf7 87. Rh6 (87. g4 $5 hxg4 88. Kd3 $11) 87... Rg1 88. Ke5 Rxg3 89. Rh7+ Kg8 90. Rxh5 Ra3 91. Rh1 {Precision: White = 56%, Black = 66%.} 1/2-1/2